[Event "Mitropa Cup (Women)"]
[Site "Mali Losinj"]
[Date "2023.04.18"]
[Round "8.16"]
[White "Hund, Sarah"]
[Black "Bordin, Silvia"]
[Result "0-1"]
[WhiteElo "2009"]
[BlackElo "2030"]
[PlyCount "74"]
[EventDate "2023.04.11"]
[EventType "team-tourn"]
[EventRounds "9"]
[EventCountry "CRO"]
[SourceTitle "CBM 213 Extra"]
[Source "ChessBase"]
[SourceDate "2023.05.31"]
[SourceVersion "1"]
[SourceVersionDate "2023.05.31"]
[SourceQuality "1"]
[WhiteTeam "Switzerland (W)"]
[BlackTeam "Italy (W)"]
[WhiteTeamCountry "SUI"]
[BlackTeamCountry "ITA"]

1. e4 e5 2. Nf3 Nc6 3. Bc4 Bc5 4. c3 Nf6 5. d3 d6 6. a4 a5 7. Bg5 0-0 8. Nbd2 Be6 9. Bb5 h6 10. Bh4 Bd7 11. Nc4 Re8 12. Ne3 Bxe3 13. fxe3 Nb8 14. 0-0 Bxb5 15. axb5 Nbd7 16. h3 c6 17. bxc6 bxc6 18. Nh2 Qb6 19. Qe2 Re6 20. Rf2 Rb8 21. Raf1 a4 22. Kh1 Qb3 23. Ng4 Nxg4 24. Qxg4 Rf8 25. Qh5 Ree8 26. Qg4 Qe6 27. Qg3 Kh8 28. Rf5 Ra8 29. Qg4 Rae8 30. R1f3 f6 31. Be1 Rb8 32. Rg3 Qf7 33. Qe2 Rb3 34. d4 Rfb8 35. Qa6 Rxb2 36. Kh2 Nb6 37. c4 Ra8 0-1

[Event "Mitropa Cup (Women)"]
[Site "Mali Losinj"]
[Date "2023.04.13"]
[Round "3.4"]
[White "Hapala, Elisabeth"]
[Black "Hund, Sarah"]
[Result "1-0"]
[WhiteElo "2012"]
[BlackElo "2009"]
[PlyCount "97"]
[EventDate "2023.04.11"]
[EventType "team-tourn"]
[EventRounds "9"]
[EventCountry "CRO"]
[SourceTitle "CBM 213 Extra"]
[Source "ChessBase"]
[SourceDate "2023.05.31"]
[SourceVersion "1"]
[SourceVersionDate "2023.05.31"]
[SourceQuality "1"]
[WhiteTeam "Austria (W)"]
[BlackTeam "Switzerland (W)"]
[WhiteTeamCountry "AUT"]
[BlackTeamCountry "SUI"]

1. e4 c5 2. Nf3 e6 3. d4 cxd4 4. Nxd4 Nc6 5. Nc3 Qc7 6. Be3 a6 7. Be2 Nf6 8. 0-0 Be7 9. f4 d6 10. Qe1 0-0 11. Kh1 Nxd4 12. Bxd4 b5 13. a3 Bb7 14. Qg3 Rad8 15. Rae1 Bc6 16. Bd3 Qd7 17. Qh3 e5 18. fxe5 Qxh3 19. gxh3 dxe5 20. Bxe5 Nd7 21. Bc7 Rc8 22. Bg3 Rfe8 23. a4 Bb4 24. axb5 axb5 25. Nxb5 Nf6 26. c3 Rcd8 27. Nc7 Rxd3 28. Rxf6 Bxe4+ 29. Kg1 Rxg3+ 30. hxg3 Bc5+ 31. Kh2 Re7 32. Rf4 f5 33. Nb5 Rb7 34. c4 Rd7 35. Nc3 Bb4 36. Rd1 Rd3 37. Rxd3 Bxd3 38. Rd4 Bxc3 39. bxc3 Be4 40. Kg1 Kf7 41. Rd6 Ke7 42. c5 Bc2 43. Kf2 Bb3 44. Ke3 Be6 45. Kf4 h6 46. h4 Kf6 47. h5 Ke7 48. Ke5 Bc8 49. c6 1-0

[Event "Mitropa Cup (Women)"]
[Site "Mali Losinj"]
[Date "2023.04.12"]
[Round "2.4"]
[White "Hund, Sarah"]
[Black "Buchholz, Maja Patricia"]
[Result "1-0"]
[WhiteElo "2009"]
[BlackElo "1817"]
[PlyCount "49"]
[EventDate "2023.04.11"]
[EventType "team-tourn"]
[EventRounds "9"]
[EventCountry "CRO"]
[SourceTitle "CBM 213 Extra"]
[Source "ChessBase"]
[SourceDate "2023.05.31"]
[SourceVersion "1"]
[SourceVersionDate "2023.05.31"]
[SourceQuality "1"]
[WhiteTeam "Switzerland (W)"]
[BlackTeam "Germany (W)"]
[WhiteTeamCountry "SUI"]
[BlackTeamCountry "GER"]

1. e4 e6 2. d4 d5 3. Nc3 Nf6 4. e5 Nfd7 5. Nce2 c5 6. c3 Nc6 7. Nf3 b5 8. Nf4 a6 9. Bd3 Qb6 10. Be3 b4 11. 0-0 a5 12. Ng5 g6 13. Qf3 Nd8 14. Rfe1 Be7 15. h4 Bb7 16. Qh3 Nc6 17. Nxf7 Kxf7 18. Qxe6+ Ke8 19. Nxd5 Qd8 20. Bb5 Rc8 21. Bg5 cxd4 22. Bxe7 Nxe7 23. Bxd7+ Kf8 24. Qf6+ Kg8 25. Be6# 1-0

[Event "Verbandsliga Suedbaden 2223"]
[Site "Germany"]
[Date "2023.01.22"]
[Round "5.5"]
[White "Hund, Sarah"]
[Black "Metz, Hartmut"]
[Result "0-1"]
[WhiteElo "2043"]
[BlackElo "2187"]
[PlyCount "80"]
[EventDate "2022.09.25"]
[EventType "team-tourn"]
[EventRounds "9"]
[EventCountry "GER"]
[SourceTitle "EXT 2024"]
[Source "ChessBase"]
[SourceDate "2023.10.10"]
[SourceVersion "1"]
[SourceVersionDate "2023.10.10"]
[SourceQuality "1"]
[WhiteTeam "Zaehringen"]
[BlackTeam "Kuppenheim"]
[WhiteTeamCountry "GER"]
[BlackTeamCountry "GER"]

1. e4 e6 2. d4 d5 3. Nc3 Nf6 4. e5 Nfd7 5. Nce2 c5 6. c3 Nc6 7. Nf3 Be7 8. a3 0-0 9. Nf4 Re8 10. Bd3 cxd4 11. cxd4 Nf8 12. 0-0 Bd7 13. Be3 Na5 14. Nd2 Rc8 15. Rc1 Rxc1 16. Qxc1 Qb8 17. Qd1 Rc8 18. Qg4 Nc4 19. Nh5 Ng6 20. Nxc4 dxc4 21. Bb1 Qc7 22. h4 Qd8 23. Nxg7 Kxg7 24. h5 c3 25. hxg6 hxg6 26. bxc3 Rxc3 27. Qh3 Kg8 28. Qg4 Qe8 29. Kh2 Rxa3 30. Rh1 Qf8 31. Bc1 Rc3 32. Bd2 Rb3 33. d5 Qg7 34. Ba2 Rb2 35. Bg5 exd5 36. Qxd7 Bxg5 37. Qxd5 Rd2 38. Qb3 Qxe5+ 39. Kh3 Qf5+ 40. g4 Qxf2 0-1

[Event "Verbandsliga Suedbaden 2223"]
[Site "Germany"]
[Date "2022.11.20"]
[Round "3.5"]
[White "Hund, Sarah"]
[Black "Bittner, Thomas"]
[Result "1-0"]
[WhiteElo "2043"]
[BlackElo "2146"]
[PlyCount "33"]
[EventDate "2022.09.25"]
[EventType "team-tourn"]
[EventRounds "9"]
[EventCountry "GER"]
[SourceTitle "EXT 2024"]
[Source "ChessBase"]
[SourceDate "2023.10.10"]
[SourceVersion "1"]
[SourceVersionDate "2023.10.10"]
[SourceQuality "1"]
[WhiteTeam "Zaehringen"]
[BlackTeam "Baden-Baden IV"]
[WhiteTeamCountry "GER"]
[BlackTeamCountry "GER"]

1. e4 e5 2. Nf3 Nc6 3. Bc4 Bc5 4. c3 Nf6 5. d3 a6 6. a4 Ba7 7. 0-0 d6 8. Re1 0-0 9. h3 d5 10. exd5 Nxd5 11. Nxe5 Nxe5 12. Rxe5 c6 13. Nd2 Nb6 14. Ba2 Qxd3 15. Qh5 g6 16. Qh6 Qd6 17. Rh5 1-0

[Event "Verbandsliga Suedbaden 2223"]
[Site "Germany"]
[Date "2022.09.25"]
[Round "1.4"]
[White "Gross, Markus"]
[Black "Hund, Sarah"]
[Result "1/2-1/2"]
[WhiteElo "2034"]
[BlackElo "2043"]
[PlyCount "45"]
[EventDate "2022.09.25"]
[EventType "team-tourn"]
[EventRounds "9"]
[EventCountry "GER"]
[SourceTitle "EXT 2024"]
[Source "ChessBase"]
[SourceDate "2023.10.10"]
[SourceVersion "1"]
[SourceVersionDate "2023.10.10"]
[SourceQuality "1"]
[WhiteTeam "Heitersheim"]
[BlackTeam "Zaehringen"]
[WhiteTeamCountry "GER"]
[BlackTeamCountry "GER"]

1. Nf3 d5 2. g3 c5 3. Bg2 e6 4. 0-0 Nf6 5. d3 Nc6 6. Nbd2 Be7 7. e4 0-0 8. Re1 b5 9. e5 Nd7 10. Nf1 Bb7 11. h4 Qc7 12. Bf4 Rfc8 13. N1h2 a5 14. h5 h6 15. Qd2 Qd8 16. Ng4 Bf8 17. a3 d4 18. Nh4 Ra7 19. Be4 f5 20. exf6 Nxf6 21. Nxf6+ Qxf6 22. Ng6 Re8 23. Qe2 1/2-1/2

[Event "Davos Challenge op"]
[Site "Davos"]
[Date "2022.06.06"]
[Round "7"]
[White "Hund, Sarah"]
[Black "Mattenberger, Matthias"]
[Result "1/2-1/2"]
[WhiteElo "2076"]
[BlackElo "1985"]
[PlyCount "84"]
[EventDate "2022.06.03"]
[EventType "swiss"]
[EventRounds "7"]
[EventCountry "SUI"]
[SourceTitle "CBM 208 Extra"]
[Source "ChessBase"]
[SourceDate "2022.07.31"]
[SourceVersion "1"]
[SourceVersionDate "2022.07.31"]
[SourceQuality "1"]

1. e4 c5 2. Nc3 Nc6 3. Bb5 Nd4 4. Bc4 a6 5. d3 e6 6. Nf3 b5 7. Bb3 Nxb3 8. axb3 Bb7 9. 0-0 Be7 10. e5 d6 11. exd6 Qxd6 12. Ne4 Qc7 13. Nfg5 Nf6 14. Nxf6+ gxf6 15. Nf3 Rg8 16. b4 0-0-0 17. c4 Qc6 18. Kh1 bxc4 19. Be3 Qd5 20. Rg1 cxb4 21. dxc4 Qh5 22. Nd2 Qe5 23. c5 Qd5 24. f3 Kb8 25. Ne4 Qd3 26. Qe1 f5 27. Nf2 Qb5 28. Qf1 Qxf1 29. Rgxf1 Rc8 30. Nd3 Rgd8 31. Nxb4 Bxc5 32. Bxc5 Rxc5 33. Nxa6+ Bxa6 34. Rxa6 Rb5 35. Ra2 Rd2 36. Rb1 Rb7 37. h3 Kc7 38. Kh2 Kd7 39. Ra4 Rbxb2 40. Rxb2 Rxb2 41. Rh4 Ke7 42. Rxh7 Kf6 1/2-1/2

[Event "Mitropa Cup (Women)"]
[Site "Corte"]
[Date "2022.05.08"]
[Round "9.2"]
[White "Hund, Sarah"]
[Black "Nadzamova, Viktoria"]
[Result "0-1"]
[WhiteElo "2076"]
[BlackElo "2117"]
[PlyCount "150"]
[EventDate "2022.04.30"]
[EventType "team-tourn"]
[EventRounds "9"]
[EventCountry "FRA"]
[SourceTitle "CBM 208 Extra"]
[Source "ChessBase"]
[SourceDate "2022.07.31"]
[SourceVersion "1"]
[SourceVersionDate "2022.07.31"]
[SourceQuality "1"]
[WhiteTeam "Switzerland (W)"]
[BlackTeam "Slovakia (W)"]
[WhiteTeamCountry "SUI"]
[BlackTeamCountry "SVK"]

1. e4 c5 2. c3 d6 3. d4 cxd4 4. cxd4 g6 5. Nc3 Bg7 6. Nf3 a6 7. Bc4 e6 8. 0-0 Ne7 9. Re1 0-0 10. Bb3 b5 11. Bg5 h6 12. Be3 Bb7 13. a3 Nd7 14. Qd3 Rc8 15. h3 Nc6 16. Rad1 Na5 17. Bc2 Nc4 18. Bc1 Qc7 19. h4 h5 20. Ng5 Nxa3 21. Bb3 Nc4 22. Ne2 e5 23. Qh3 Rce8 24. d5 Bc8 25. Qf3 Nc5 26. Bxc4 bxc4 27. Qc3 f6 28. Nf3 Nxe4 29. Qc2 f5 30. Be3 Nf6 31. Ng5 Ng4 32. Bd2 Qc5 33. Rf1 Rf6 34. Bc3 Bh6 35. Ng3 Bb7 36. Qd2 Rff8 37. Bb4 Qb6 38. Qc3 Nf6 39. Qa3 Nxd5 40. Bxd6 Rf6 41. Bc5 Qc6 42. f3 Bxg5 43. hxg5 Rf7 44. Rc1 Nf4 45. Rxc4 h4 46. Nh1 h3 47. g3 h2+ 48. Kxh2 Rh7+ 49. Kg1 Nh3+ 50. Kg2 e4 51. Rc3 exf3+ 52. Rfxf3 Qe6 53. Rce3 Bxf3+ 54. Kxf3 Qd5+ 55. Ke2 Qg2+ 56. Kd3 Rd7+ 57. Kc3 Qd2+ 58. Kc4 Qd5+ 59. Kb4 Rxe3 60. Qxe3 Qd2+ 61. Kc4 Qc2+ 62. Qc3 Qxc3+ 63. Kxc3 Rd1 64. Nf2 Rc1+ 65. Kb4 Rxc5 66. Nxh3 Rc2 67. b3 Rg2 68. Nf4 Rxg3 69. Nxg6 Rxg5 70. Ne5 f4 71. Nf3 Rg3 72. Nd2 f3 73. Ka5 f2 74. b4 Ra3+ 75. Kb6 Kf7 0-1

[Event "BL2 Sued 2122 (Women)"]
[Site "Germany"]
[Date "2022.04.10"]
[Round "7.3"]
[White "Hund, Sarah"]
[Black "Heymann, Anna Luise"]
[Result "1-0"]
[WhiteElo "2049"]
[BlackElo "1942"]
[PlyCount "49"]
[EventDate "2021.11.27"]
[EventType "team-tourn"]
[EventRounds "7"]
[EventCountry "GER"]
[SourceTitle "EXT 2023"]
[Source "ChessBase"]
[SourceDate "2022.10.05"]
[SourceVersion "1"]
[SourceVersionDate "2022.10.05"]
[SourceQuality "1"]
[WhiteTeam "Freiburg Zaehringen (W)"]
[BlackTeam "Hofheim (W)"]
[WhiteTeamCountry "GER"]
[BlackTeamCountry "GER"]

1. e4 e5 2. Bc4 Nf6 3. d3 Bc5 4. Nc3 d6 5. f4 exf4 6. Bxf4 Nc6 7. Nf3 Bg4 8. Qd2 Bxf3 9. gxf3 Ne5 10. 0-0-0 Nxc4 11. dxc4 Qd7 12. Bg5 0-0-0 13. Bxf6 gxf6 14. Nd5 f5 15. b4 c6 16. bxc5 cxd5 17. Qa5 dxe4 18. fxe4 fxe4 19. Qxa7 Qc6 20. cxd6 f5 21. Rd5 Kd7 22. Rxf5 Rhf8 23. Rb5 Ra8 24. Rxb7+ Ke6 25. Re7+ 1-0

[Event "Mitropa Cup Online (Women)"]
[Site "Tornelo INT"]
[Date "2021.05.09"]
[Round "6.4"]
[White "Mayrhuber, Nikola"]
[Black "Hund, Sarah"]
[Result "1-0"]
[WhiteElo "2040"]
[BlackElo "2049"]
[PlyCount "103"]
[EventDate "2021.05.04"]
[EventType "team-tourn"]
[EventRounds "9"]
[EventCountry "SUI"]
[SourceTitle "CBM 202 Extra"]
[Source "ChessBase"]
[SourceDate "2021.07.31"]
[SourceVersion "1"]
[SourceVersionDate "2021.07.31"]
[SourceQuality "1"]
[WhiteTeam "Austria (W)"]
[BlackTeam "Switzerland (W)"]
[WhiteTeamCountry "AUT"]
[BlackTeamCountry "SUI"]

1. d4 d5 2. c4 e6 3. Nc3 c5 4. cxd5 exd5 5. Nf3 Nc6 6. g3 Nf6 7. Bg2 Be7 8. 0-0 0-0 9. b3 Ne4 10. Bb2 Bf6 11. Nxe4 dxe4 12. Nd2 e3 13. fxe3 cxd4 14. Bxc6 dxe3 15. Bxf6 gxf6 16. Ne4 Qxd1 17. Nxf6+ Kg7 18. Raxd1 bxc6 19. Rf3 Ba6 20. Nh5+ Kh6 21. Nf4 Rfe8 22. Rd6+ Kg7 23. Nh5+ Kh8 24. Rxf7 Rf8 25. Rxf8+ Rxf8 26. Nf4 Re8 27. Rd7 Bc8 28. Rxa7 Bf5 29. Ra4 Rd8 30. Kg2 Bb1 31. Kf3 Re8 32. Ng2 Kg7 33. Nxe3 Kf6 34. a3 Ke5 35. Ng4+ Kd6 36. e4 Bc2 37. Rd4+ Kc7 38. Nf6 Re7 39. b4 Kb6 40. Nd7+ Kb5 41. Nc5 Ra7 42. e5 Rxa3+ 43. Kf4 Ra2 44. Ne4 Ra8 45. e6 Bxe4 46. Rxe4 c5 47. e7 Re8 48. bxc5 Kxc5 49. Kf5 Kd5 50. Re2 Kd6 51. Kf6 Kd7 52. Kf7 1-0

[Event "Mitropa Cup Online (Women)"]
[Site "Tornelo INT"]
[Date "2021.05.07"]
[Round "4.4"]
[White "Grimaldi, Angela Flavia"]
[Black "Hund, Sarah"]
[Result "1-0"]
[WhiteElo "2000"]
[BlackElo "2049"]
[PlyCount "133"]
[EventDate "2021.05.04"]
[EventType "team-tourn"]
[EventRounds "9"]
[EventCountry "SUI"]
[SourceTitle "CBM 202 Extra"]
[Source "ChessBase"]
[SourceDate "2021.07.31"]
[SourceVersion "1"]
[SourceVersionDate "2021.07.31"]
[SourceQuality "1"]
[WhiteTeam "Italy (W)"]
[BlackTeam "Switzerland (W)"]
[WhiteTeamCountry "ITA"]
[BlackTeamCountry "SUI"]

1. e4 e5 2. Nf3 Nc6 3. Bc4 Nf6 4. d3 Be7 5. h3 d6 6. 0-0 Na5 7. Bb5+ c6 8. Ba4 b5 9. Bb3 0-0 10. Nbd2 Qc7 11. Re1 Nxb3 12. axb3 Be6 13. Nf1 Rfe8 14. Bd2 g6 15. c4 Reb8 16. Qc2 Nd7 17. Ra5 Bd8 18. b4 Nf8 19. b3 Qe7 20. Ra2 Bb6 21. Rc1 Nd7 22. Bc3 Qf6 23. Qe2 Bd4 24. Nxd4 exd4 25. Bd2 c5 26. bxc5 Nxc5 27. b4 bxc4 28. dxc4 d3 29. Qe3 Nb3 30. Bc3 Qe7 31. Rb1 Bxc4 32. Ra3 d2 33. Nxd2 Nxd2 34. Bxd2 a5 35. Qd4 Be6 36. Bc3 f6 37. Rba1 Rb7 38. Rxa5 Rc8 39. Ra8 Kg7 40. Rxc8 Bxc8 41. Rd1 Rc7 42. Rd3 Qe5 43. Qe3 Qe6 44. Qf4 Rd7 45. h4 Bb7 46. h5 Bxe4 47. Bxf6+ Qxf6 48. Qxe4 Re7 49. Qd4 Re1+ 50. Kh2 Re5 51. hxg6 hxg6 52. f4 Rh5+ 53. Kg1 d5 54. Qxf6+ Kxf6 55. Kf2 Ke6 56. Rb3 d4 57. b5 Rh7 58. b6 Rb7 59. Ke2 Kf5 60. Kd3 Kxf4 61. Kxd4 g5 62. Kc5 g4 63. Kc6 Rh7 64. b7 Rh6+ 65. Kd5 Rh8 66. g3+ Kf5 67. b8Q 1-0

[Event "GER-ch Net Amateur Gr-A Vor3"]
[Site "Playchess.com INT"]
[Date "2020.04.16"]
[Round "6"]
[White "Kleeschaetzky, Rainer"]
[Black "Hund, Sarah"]
[Result "1-0"]
[WhiteElo "2055"]
[BlackElo "1631"]
[PlyCount "121"]
[EventDate "2020.04.16"]
[EventType "swiss (blitz)"]
[EventRounds "9"]
[EventCountry "GER"]
[SourceTitle "CBM 195 Extra"]
[Source "ChessBase"]
[SourceDate "2020.05.31"]
[SourceVersion "1"]
[SourceVersionDate "2020.05.31"]
[SourceQuality "1"]

1. e4 e5 2. Nf3 Nc6 3. c3 d5 4. Qa4 dxe4 5. Nxe5 Bd7 6. Nxd7 Qxd7 7. Qxe4+ Be7 8. d4 Nf6 9. Qf3 0-0 10. Be2 Rae8 11. 0-0 Bd6 12. h3 Ne7 13. Nd2 Nf5 14. Nc4 Nh4 15. Qd3 Ne4 16. Nxd6 Qxd6 17. Bf3 Nc5 18. Qd1 Nd7 19. Bg5 Ng6 20. Re1 h6 21. Bd2 Nh4 22. Rxe8 Rxe8 23. g3 Nf5 24. Bf4 Qb6 25. Qb3 Qg6 26. Kh2 b6 27. Bxc7 Nf6 28. Bf4 h5 29. Qc2 h4 30. g4 Nxd4 31. Qxg6 Nxf3+ 32. Kg2 fxg6 33. Kxf3 Nd5 34. Rd1 Nxf4 35. Kxf4 Rf8+ 36. Ke3 Re8+ 37. Kf3 Re7 38. Rd4 g5 39. Rd5 Rf7+ 40. Ke2 Re7+ 41. Kf1 Rf7 42. Rxg5 Rf3 43. Kg2 Rd3 44. Rb5 Rd2 45. a4 Kf7 46. b3 Rd3 47. c4 Kf6 48. Rf5+ Ke6 49. Rf3 Rd4 50. Re3+ Kd6 51. Rf3 Kc5 52. Rf7 Kb4 53. Rxg7 Kxb3 54. g5 Kxc4 55. g6 Rd6 56. f4 a5 57. f5 Kd5 58. Re7 Rf6 59. g7 Kd6 60. Re6+ Rxe6 61. fxe6 1-0

[Event "GER-ch Net Amateur Gr-A Vor2"]
[Site "Playchess.com INT"]
[Date "2020.04.15"]
[Round "6"]
[White "Gley, Reinhard"]
[Black "Hund, Sarah"]
[Result "1-0"]
[WhiteElo "1668"]
[BlackElo "1552"]
[PlyCount "71"]
[EventDate "2020.04.15"]
[EventType "swiss (blitz)"]
[EventRounds "9"]
[EventCountry "GER"]
[SourceTitle "CBM 196 Extra"]
[Source "ChessBase"]
[SourceDate "2020.07.31"]
[SourceVersion "1"]
[SourceVersionDate "2020.07.31"]
[SourceQuality "1"]

1. Nf3 Nf6 2. d3 d5 3. g3 Bg4 4. Bg2 c6 5. Nbd2 Nbd7 6. h3 Bh5 7. g4 Bg6 8. Nh4 e5 9. e4 Bd6 10. Nxg6 hxg6 11. c4 d4 12. b4 Bxb4 13. Rb1 c5 14. a3 Bxd2+ 15. Bxd2 b6 16. f4 Qe7 17. 0-0 Kf8 18. g5 Nh5 19. f5 Kg8 20. Qg4 Rf8 21. h4 Nf4 22. Bxf4 exf4 23. Qxf4 Ne5 24. f6 gxf6 25. gxf6 Qe6 26. Rbd1 Qg4 27. Qxe5 Rxh4 28. Rf3 a6 29. Rdf1 Rh5 30. Qg3 Qd7 31. Bh3 Qa4 32. e5 Qxa3 33. e6 b5 34. exf7+ Kxf7 35. Qc7+ Kg8 36. Qg7# 1-0

[Event "GER-ch Net Amateur Gr-A Vor2"]
[Site "Playchess.com INT"]
[Date "2020.04.15"]
[Round "4"]
[White "Hund, Sarah"]
[Black "Manthey, Frank"]
[Result "0-1"]
[WhiteElo "1552"]
[BlackElo "1733"]
[PlyCount "106"]
[EventDate "2020.04.15"]
[EventType "swiss (blitz)"]
[EventRounds "9"]
[EventCountry "GER"]
[SourceTitle "CBM 196 Extra"]
[Source "ChessBase"]
[SourceDate "2020.07.31"]
[SourceVersion "1"]
[SourceVersionDate "2020.07.31"]
[SourceQuality "1"]

1. e4 c5 2. Nc3 Nc6 3. Bb5 g6 4. Bxc6 dxc6 5. d3 Bg7 6. Be3 b6 7. Qd2 e5 8. Nge2 Ne7 9. Bh6 0-0 10. Bxg7 Kxg7 11. 0-0 f5 12. exf5 Bxf5 13. Ng3 Qc7 14. Rae1 Rae8 15. Qg5 Nd5 16. Nce4 Bxe4 17. Rxe4 Nf4 18. Rfe1 h6 19. Qg4 Qd6 20. Nf1 Qf6 21. g3 h5 22. Rxf4 exf4 23. Qd7+ Qf7 24. Qxf7+ Kxf7 25. Rxe8 Rxe8 26. gxf4 Re1 27. Kg2 Kf6 28. Ne3 Re2 29. Kf3 Rd2 30. h3 b5 31. b3 a5 32. h4 Ke6 33. Kg3 c4 34. bxc4 bxc4 35. Nxc4 Rxc2 36. Nxa5 Kd5 37. a3 Rc3 38. f3 Rxa3 39. Nc4 Rxd3 40. Ne5 Rd2 41. Nxg6 c5 42. Ne5 c4 43. Nxc4 Kxc4 44. f5 Kd5 45. Kf4 Rg2 46. f6 Ke6 47. f7 Kxf7 48. Kf5 Rf2 49. f4 Rg2 50. Ke5 Ke7 51. f5 Kf7 52. f6 Rg4 53. Kf5 Rxh4 0-1

[Event "GER-ch Net Amateur Gr-A Vor2"]
[Site "Playchess.com INT"]
[Date "2020.04.15"]
[Round "3"]
[White "Hund, Sarah"]
[Black "Skoerys, Fabian"]
[Result "0-1"]
[WhiteElo "1552"]
[BlackElo "1734"]
[PlyCount "76"]
[EventDate "2020.04.15"]
[EventType "swiss (blitz)"]
[EventRounds "9"]
[EventCountry "GER"]
[SourceTitle "CBM 196 Extra"]
[Source "ChessBase"]
[SourceDate "2020.07.31"]
[SourceVersion "1"]
[SourceVersionDate "2020.07.31"]
[SourceQuality "1"]

1. e4 e6 2. d4 d5 3. Nc3 Nf6 4. Bg5 Be7 5. e5 Nfd7 6. h4 a6 7. Qg4 g6 8. Bh6 c5 9. Nf3 Nc6 10. dxc5 Ncxe5 11. Nxe5 Nxe5 12. Qd4 Bf6 13. Bg5 Bxg5 14. hxg5 Qxg5 15. f4 Qg3+ 16. Kd1 Qg4+ 17. Be2 Qxg2 18. Rg1 Qh2 19. fxe5 0-0 20. Bf3 Bd7 21. Ne2 Bb5 22. Qe3 d4 23. Qg5 Rad8 24. Qg3 Bxe2+ 25. Bxe2 Qh6 26. Qg5 Qg7 27. Kc1 Rd5 28. Bf3 Rxe5 29. Qg3 Rxc5 30. Bxb7 d3 31. Qxd3 Rb8 32. Qa3 Qd4 33. Rd1 Qf4+ 34. Kb1 Rc7 35. Rd8+ Rxd8 36. b3 Rd1+ 37. Kb2 Qd4+ 38. c3 Qd2# 0-1

[Event "GER-ch Net Amateur Gr-A Vor1"]
[Site "Playchess.com INT"]
[Date "2020.04.14"]
[Round "7"]
[White "Hund, Sarah"]
[Black "Acikel, Mert"]
[Result "0-1"]
[WhiteElo "1599"]
[BlackElo "1755"]
[PlyCount "62"]
[EventDate "2020.04.14"]
[EventType "swiss (blitz)"]
[EventRounds "9"]
[EventCountry "GER"]
[SourceTitle "EXT 2021"]
[Source "ChessBase"]
[SourceDate "2020.10.23"]
[SourceVersion "1"]
[SourceVersionDate "2020.10.23"]
[SourceQuality "1"]

1. e4 e5 2. Bc4 Nf6 3. d3 c6 4. Nf3 d5 5. Bb3 Bb4+ 6. Bd2 Bxd2+ 7. Nbxd2 Nbd7 8. 0-0 0-0 9. Re1 Re8 10. Nf1 Qc7 11. Ng3 Nf8 12. Nh4 Ng6 13. Nhf5 Be6 14. Nh5 Nxh5 15. Qxh5 Bxf5 16. exf5 Nf4 17. Qg4 Qd8 18. d4 h5 19. Qf3 Qf6 20. dxe5 Qxf5 21. Kf1 Qg5 22. g3 Ng6 23. h4 Qg4 24. Qc3 Re7 25. a4 Rae8 26. a5 a6 27. Ra4 Qh3+ 28. Kg1 Rxe5 29. Rxe5 Nxe5 30. Rb4 Nf3+ 31. Qxf3 Re1# 0-1

[Event "GER-ch Net Amateur Gr-A Vor1"]
[Site "Playchess.com INT"]
[Date "2020.04.14"]
[Round "8"]
[White "Klueners, Juergen"]
[Black "Hund, Sarah"]
[Result "1/2-1/2"]
[WhiteElo "1633"]
[BlackElo "1589"]
[PlyCount "144"]
[EventDate "2020.04.14"]
[EventType "swiss (blitz)"]
[EventRounds "9"]
[EventCountry "GER"]
[SourceTitle "EXT 2021"]
[Source "ChessBase"]
[SourceDate "2020.10.23"]
[SourceVersion "1"]
[SourceVersionDate "2020.10.23"]
[SourceQuality "1"]

1. e4 e5 2. Nf3 Nc6 3. Nc3 Nf6 4. d4 exd4 5. Nxd4 Bb4 6. Nxc6 bxc6 7. Bd3 0-0 8. 0-0 d5 9. exd5 cxd5 10. h3 Be6 11. Qf3 Rb8 12. Bf4 Bd6 13. b3 c5 14. Bxd6 Qxd6 15. Rfe1 Rfc8 16. Rad1 Qc7 17. Bf5 Bxf5 18. Qxf5 d4 19. Ne4 Nxe4 20. Rxe4 Qa5 21. Rdxd4 Qxa2 22. Rd7 Qa1+ 23. Kh2 Qf6 24. Qxf6 gxf6 25. Ree7 c4 26. Rxf7 cxb3 27. Rg7+ Kf8 28. Rxh7 Kg8 29. cxb3 a5 30. Rhg7+ Kh8 31. Rh7+ Kg8 32. Rdg7+ Kf8 33. Rf7+ Kg8 34. Rhg7+ Kh8 35. Rg3 Rb6 36. Ra7 Rc5 37. Rd3 Rb8 38. Rdd7 Rcb5 39. Rh7+ Kg8 40. Rag7+ Kf8 41. Rf7+ Kg8 42. Rhg7+ Kh8 43. Rg3 R8b6 44. Rf3 Rxb3 45. Rxb3 Rxb3 46. Rxf6 a4 47. Ra6 a3 48. g4 Kg7 49. Kg2 Rc3 50. f3 Rc2+ 51. Kg3 a2 52. Kf4 Kf7 53. h4 Rc4+ 54. Kg5 Rc5+ 55. Kh6 Rc6+ 56. Rxc6 a1Q 57. Rc7+ Ke6 58. Rg7 Qa8 59. f4 Qh8+ 60. Rh7 Qf6+ 61. Kh5 Qxf4 62. g5 Qf3+ 63. Kh6 Qg4 64. h5 Qf4 65. Rg7 Qf8 66. Kh7 Qf5+ 67. Rg6+ Kf7 68. Kh8 Qc8+ 69. Kh7 Qf5 70. Kh8 Qxg6 71. hxg6+ Kxg6 72. Kg8 Kxg5 1/2-1/2

[Event "Mitropa Cup (Women)"]
[Site "Radenci"]
[Date "2019.05.28"]
[Round "2.3"]
[White "Hund, Sarah"]
[Black "Blazeka, Mihaela"]
[Result "1-0"]
[WhiteElo "2016"]
[BlackElo "2118"]
[PlyCount "73"]
[EventDate "2019.05.27"]
[EventType "team-tourn"]
[EventRounds "9"]
[EventCountry "SLO"]
[SourceTitle "CBM 190 Extra"]
[Source "ChessBase"]
[SourceDate "2019.07.15"]
[SourceVersion "1"]
[SourceVersionDate "2019.07.15"]
[SourceQuality "1"]
[WhiteTeam "Switzerland (W)"]
[BlackTeam "Croatia (W)"]
[WhiteTeamCountry "SUI"]
[BlackTeamCountry "CRO"]

1. e4 e5 2. Nf3 Nc6 3. Bc4 Bc5 4. d3 Nf6 5. 0-0 0-0 6. Bg5 d6 7. c3 Bg4 8. Nbd2 a6 9. Bb3 Qe7 10. h3 Bd7 11. Re1 Ba7 12. Nc4 h6 13. Bh4 g5 14. Bg3 Nh5 15. Bh2 Nf4 16. d4 Rad8 17. Ne3 exd4 18. cxd4 Qxe4 19. Bc2 Qe6 20. Bxf4 gxf4 21. Ng4 Qc4 22. b3 Qb5 23. Nxh6+ Kg7 24. Ng4 Qh5 25. Ngh2 Rg8 26. Kh1 f6 27. Qd2 Qh6 28. Re4 Bf5 29. Rxf4 Bxc2 30. Ng4 Qh7 31. Rxf6 Bg6 32. Ng5 Qh4 33. Ne6+ Kh7 34. Nxd8 Rxd8 35. Rf4 Kg7 36. d5 Ne7 37. Qc3+ 1-0

[Event "Youth District Germany"]
[Site "Wuerzburg"]
[Date "2018.10.07"]
[Round "7.5"]
[White "Hund, Sarah"]
[Black "Lesny, Florian"]
[Result "1-0"]
[WhiteElo "2021"]
[BlackElo "2073"]
[PlyCount "65"]
[EventDate "2018.10.02"]
[EventType "team-swiss"]
[EventRounds "7"]
[EventCountry "GER"]
[SourceTitle "CBM 186 Extra"]
[Source "ChessBase"]
[SourceDate "2018.08.24"]
[SourceVersion "1"]
[SourceVersionDate "2018.08.24"]
[SourceQuality "1"]
[WhiteTeam "Baden U20"]
[BlackTeam "Hessen U20"]
[WhiteTeamCountry "GER"]
[BlackTeamCountry "GER"]

1. e4 c5 2. Nc3 a6 3. g3 b5 4. Bg2 Bb7 5. d3 e6 6. Nh3 Be7 7. 0-0 Nc6 8. f4 b4 9. Nb1 d5 10. Nd2 Nf6 11. e5 Ng8 12. f5 exf5 13. Nf3 Qd7 14. a3 bxa3 15. bxa3 h5 16. Nhg5 Nh6 17. Qe2 Nd8 18. Nh4 g6 19. e6 Nxe6 20. Nxe6 Qxe6 21. Qxe6 fxe6 22. Nxg6 Rh7 23. Re1 Kd7 24. Nf4 Ng4 25. Nxe6 h4 26. c4 hxg3 27. hxg3 Nf6 28. Rb1 Bc6 29. Rb6 Bd6 30. Bf4 Bxf4 31. Nxf4 Kc7 32. Rxc6+ Kxc6 33. Nxd5 1-0